Information and Communication Technology/ (Record no. 206823)

MARC details
000 -LEADER
fixed length control field 00582nam a22001937a 4500
005 - DATE AND TIME OF LATEST TRANSACTION
control field 20241122124107.0
010 ## - LCCN (DPL NO)
LC control number ENG-142486
020 ## - INTERNATIONAL STANDARD BOOK NUMBER
International Standard Book Number 9788170007227
Terms of availability 650.00
035 ## - SYSTEM CONTROL NUMBER
System control number EN-126018
037 ## - SOURCE OF ACQUISITION
Source of stock number/acquisition DBAD
082 ## - DEWEY DECIMAL CLASSIFICATION NUMBER
Edition number 1
Classification number 371.33400954
100 ## - MAIN ENTRY--PERSONAL NAME
Personal name Khan. Javed
245 ## - TITLE STATEMENT
Title Information and Communication Technology/
Statement of responsibility, etc by Javed Khan
250 ## - EDITION STATEMENT
Edition statement 1
260 ## - PUBLICATION, DISTRIBUTION, ETC. (IMPRINT)
Name of publisher, distributor, etc Ess Ess Publications
Date of publication, distribution, etc 2014
Place of publication, distribution, etc New Delhi
270 ## - ADDRESS
Address 4831/24, Ansari Road , Darya Ganj,
City New Delhi
Postal code 110002
300 ## - PHYSICAL DESCRIPTION
Extent x,173p
Other physical details 22cm (HB)
942 ## - ADDED ENTRY ELEMENTS (KOHA)
Source of classification or shelving scheme Dewey Decimal Classification
Item type English Books
Edition 1
Call number suffix KHA
Classification part 371.33400954
Holdings
Withdrawn status Lost status Not for loan Collection code Home library Current library Date acquired Source of acquisition Cost, normal purchase price Full call number Barcode Copy number Cost, replacement price Koha item type
      Non-fiction Bawana Bawana 28/10/2024 Delivery of Books Act Division 650.00 KHA 371.33400954 EN-126018 1 650.00 English Books

© Delhi Public Library
Hit Counter
free hit counter